Technology and you / (Record no. 183274)
[ view plain ]
| 000 -LEADER | |
|---|---|
| fixed length control field | 00854 a2200217 4500 |
| 003 - CONTROL NUMBER IDENTIFIER | |
| control field | Nust |
| 005 - DATE AND TIME OF LATEST TRANSACTION | |
| control field | 20221017120313.0 |
| 010 ## - LIBRARY OF CONGRESS CONTROL NUMBER | |
| LC control number | 86019751 |
| 020 ## - INTERNATIONAL STANDARD BOOK NUMBER | |
| International Standard Book Number | 0827326629 |
| 040 ## - CATALOGING SOURCE | |
| Transcribing agency | Nust |
| 082 00 - DEWEY DECIMAL CLASSIFICATION NUMBER | |
| Classification number | 600,GOE |
| 100 1# - MAIN ENTRY--PERSONAL NAME | |
| Personal name | Goetsch, David L. |
| 9 (RLIN) | 100422 |
| 245 10 - TITLE STATEMENT | |
| Title | Technology and you / |
| Statement of responsibility, etc. | David L. Goetsch, John A. Nelson. |
| 260 ## - PUBLICATION, DISTRIBUTION, ETC. | |
| Place of publication, distribution, etc. | Albany, N.Y. : |
| Name of publisher, distributor, etc. | Delmar Publishers, |
| Date of publication, distribution, etc. | c1987. |
| 300 ## - PHYSICAL DESCRIPTION | |
| Extent | xxiii, 456 p., [16] p. of plates : |
| Other physical details | ill. (some col.) ; |
| Dimensions | 24 cm. |
| 505 ## - FORMATTED CONTENTS NOTE | |
| Formatted contents note | Part 1: Overview Of Technology (Page-3), Part 2; The Physical Technologies (Page-79), Part 3: The Information Communication Technologies (Page-221), Part 4: The Biotechnologies (Page-317), Part 5: Issues And Outlooks In Technology (Page-687). |
| 650 #0 - SUBJECT ADDED ENTRY--TOPICAL TERM | |
| Topical term or geographic name entry element | Industrial arts. |
| 9 (RLIN) | 41644 |
| 650 #0 - SUBJECT ADDED ENTRY--TOPICAL TERM | |
| Topical term or geographic name entry element | Technology. |
| 700 1# - ADDED ENTRY--PERSONAL NAME | |
| Personal name | Nelson, John A., |
| Dates associated with a name | 1935- |
| 9 (RLIN) | 81297 |
| 942 ## - ADDED ENTRY ELEMENTS (KOHA) | |
| Source of classification or shelving scheme | |
| Koha item type | Book |
| Withdrawn status | Lost status | Source of classification or shelving scheme | Damaged status | Not for loan | Permanent Location | Current Location | Shelving location | Date acquired | Full call number | Barcode | Date last seen | Price effective from | Koha item type | Public note |
|---|---|---|---|---|---|---|---|---|---|---|---|---|---|---|
| Military College of Signals (MCS) | Military College of Signals (MCS) | General Stacks | 12/12/2016 | 600,GOE | MCS5699 | 12/08/2016 | 12/12/2016 | Book | Almirah No.26, Shelf No.1 |
